000 00661nam a22001937a 4500
005 20251106154254.0
008 251103b |||||||| |||| 00| 0 eng d
020 _a9781835352595
082 _aDC 623.4 M336 2025
100 _aMargot, Pierre.
_969094
245 _aFirearms and forensic ballistics identification /
_cPierre Margot.
260 _aLondon :
_bED-Tech Press,
_c©2025.
300 _axv, 271 pages :
_billustrations (some colors) ;
_c25 cm.
500 _aIncludes bibliography and index.
650 0 _aFirearms
_xIdentification.
_969271
650 0 _aForensic ballistics.
_969272
650 0 _aGuns
_xIdentification.
_969273
942 _2ddc
_cDC
999 _c24118
_d24118